000 01149cam a22002054a 4500
005 20250605164116.0
008 250528s ||||||||||||||||||||||||d
035 _a18091
020 _a340762187
040 _aGR-AtMCL
_bgre
_dGR-AtMCL
_eAACR2
245 1 _aStudy Skills for Psychology Students / A Practical Guide
260 _bArnold,
_c2001
300 _a280
520 _aThis book will help you breeze through your degree. Preface, Acknowledgements, Where are the Skills in Psychology, Maximizing Free Time, Library Electronic Resources, Effective Reading, Making Effective Notes, Thinking, Constructing An Argument, Effective Essay Skills, Citations and References and Sources, Listening and Interviewing, Discussion, Oral Presentations, Writing Practical Reports, Abstracts and Executive Summaries, Dissertations and Final-year Research Projects, Ethics, Reviewing a Book, Posters and Stands, Revision Skills, Examinations, Try This Crossword and Quiz Answers, Study Skills: A Mini-Bibliography, Index.
700 1 _aCollins Sylvie C
_94375
700 1 _aKneale Pauline E
_94376
942 _cBK
999 _c3476
_d3476